01251 a2200181 45000010006000000050017000060080041000230030015000640400040000790800052001192450040001710200018002112640044002293000023002735050735002960410008010311000030010396005820260407155853.0260407a1995 arg spa dAR-UNSa-BCEJYS aAR-UNSa-BCEJYSbspacAR-UNSa-BCEJYS a342xDerecho constitucional (Derecho Público)10aLecciones de derecho constitucional a950-14-0831-0 1aBuenos Aires :bEdiciones Depalmac1995 axv, 264 p.c23 cm. a1. El concepto de constitución - 2. La constitución Argentina - 3. El poder constituyente - 4. La supremacía de la constitución - 5. El régimen constitucional argentino - 6. Formación de los órganos del estado - 7. Derecho federal - 8. El derecho constitucional internacional - 9. Recursos tributarios del estado federal - 10. El poder ejecutivo - 11. El poder legislativo - 12. Funciones del congreso - 13. Poder judicial federal - 14. La situación constitucional de las personas. El derecho de la libertad - 15. Los derechos individuales - 16. Los derechos sociales del trabajador - 17. Las garantías consagradas en la constitución - 18. La limitación de los derechos - 19. La crisis de la constitución. aspa1 aQuiroga Lavié, Humberto